[Event "Titled Tuesday intern op 12th Sep Early"]
[Site "Chess.com INT"]
[Date "2023.09.12"]
[Round "8"]
[White "Pakhomova, Ekaterina"]
[Black "Kamsky, Gata"]
[Result "0-1"]
[WhiteElo "2030"]
[BlackElo "2641"]
[PlyCount "76"]
[EventDate "2023.09.12"]
[EventType "swiss (blitz)"]
[EventRounds "11"]
[EventCountry "USA"]
[SourceTitle "EXT 2024"]
[Source "ChessBase"]
[SourceDate "2023.10.10"]
[SourceVersion "1"]
[SourceVersionDate "2023.10.10"]
[SourceQuality "1"]

1. e4 c5 2. Nf3 e6 3. c4 Nc6 4. Nc3 a6 5. Be2 Nge7 6. 0-0 Qc7 7. a3 b6 8. d3 Ng6 9. Re1 Be7 10. Be3 0-0 11. Rc1 Bb7 12. Qc2 f5 13. exf5 Rxf5 14. d4 Rxf3 15. Bxf3 cxd4 16. Nd5 exd5 17. cxd5 dxe3 18. dxc6 dxc6 19. Rxe3 Bg5 20. Bxc6 Bxc6 21. Qxc6 Qxc6 22. Rxc6 Bxe3 23. fxe3 b5 24. Kf2 Kf7 25. Ke2 Ne5 26. Rc7+ Kf6 27. e4 Rd8 28. Ra7 Rd6 29. b3 h5 30. h3 g5 31. Ra8 g4 32. hxg4 Nxg4 33. Rh8 Kg5 34. Rg8+ Kf4 35. Rh8 Nf6 36. a4 bxa4 37. bxa4 Kxe4 38. Re8+ Nxe8 0-1

[Event "Titled Tuesday intern op 05th Sep Early"]
[Site "Chess.com INT"]
[Date "2023.09.05"]
[Round "5"]
[White "Pakhomova, Ekaterina"]
[Black "Idani, Pouya"]
[Result "0-1"]
[WhiteElo "2030"]
[BlackElo "2633"]
[PlyCount "64"]
[EventDate "2023.09.05"]
[EventType "swiss (blitz)"]
[EventRounds "11"]
[EventCountry "USA"]
[SourceTitle "EXT 2024"]
[Source "ChessBase"]
[SourceDate "2023.10.10"]
[SourceVersion "1"]
[SourceVersionDate "2023.10.10"]
[SourceQuality "1"]

1. e4 c5 2. Nf3 d6 3. Bb5+ Nd7 4. a4 Ngf6 5. Nc3 g6 6. d4 cxd4 7. Qxd4 Bg7 8. 0-0 0-0 9. Rd1 a6 10. Be2 Nc5 11. e5 Nfd7 12. Bg5 Nxe5 13. Nxe5 Ne6 14. Qh4 Nxg5 15. Nxg6 hxg6 16. Qxg5 Be6 17. Rd3 Rc8 18. Bf3 Rc5 19. Nd5 Bxd5 20. Bxd5 Qc7 21. Qf4 Rxc2 22. h4 e6 23. Bb3 d5 24. Qg4 Rxb2 25. Rad1 Qb6 26. Qf3 Rc8 27. h5 gxh5 28. Re1 Qb4 29. Ree3 Rc1+ 30. Kh2 Qh4+ 31. Qh3 Qxf2 32. Rg3 Qg1# 0-1

[Event "Titled Tuesday intern op 29th Aug Late"]
[Site "Chess.com INT"]
[Date "2023.08.29"]
[Round "9"]
[White "Ozates, Tuna"]
[Black "Pakhomova, Ekaterina"]
[Result "0-1"]
[WhiteElo "2281"]
[BlackElo "2030"]
[PlyCount "174"]
[EventDate "2023.08.29"]
[EventType "swiss (blitz)"]
[EventRounds "11"]
[EventCountry "USA"]
[SourceTitle "EXT 2024"]
[Source "ChessBase"]
[SourceDate "2023.10.10"]
[SourceVersion "1"]
[SourceVersionDate "2023.10.10"]
[SourceQuality "1"]

1. e4 c5 2. Nf3 Nc6 3. d4 cxd4 4. Nxd4 Nf6 5. Nc3 e6 6. Be2 Bb4 7. 0-0 Bxc3 8. bxc3 Nxe4 9. Qd3 d5 10. Ba3 Ne7 11. c4 0-0 12. cxd5 exd5 13. c4 Be6 14. Nxe6 fxe6 15. Bg4 Rf6 16. cxd5 Qxd5 17. Qh3 Ng6 18. Rad1 Qxa2 19. Ra1 Qc2 20. Bxe6+ Kh8 21. Bb3 Qc3 22. Qxc3 Nxc3 23. Rfe1 h6 24. Bb2 Rc6 25. Re3 Nf4 26. g3 Nfd5 27. Rd3 Rc5 28. Re1 Rac8 29. Re5 Rb5 30. Bxd5 Rxb2 31. Be6 Rc7 32. Rd8+ Kh7 33. Bf5+ g6 34. Bd3 Rb6 35. Ree8 Rbc6 36. h4 Kg7 37. Rg8+ Kf7 38. Rdf8+ Ke7 39. Bxg6 Nd5 40. Rf7+ Kd6 41. Rd8+ Kc5 42. Rf5 Rd6 43. Rxd6 Kxd6 44. Bf7 Ne7 45. Rf6+ Kd7 46. Rxh6 a5 47. Be6+ Kd6 48. Bb3+ Kc5 49. Re6 Kb4 50. Bd1 a4 51. Kg2 a3 52. Re2 b5 53. h5 Nd5 54. h6 Nc3 55. Rd2 Nxd1 56. Rxd1 Rh7 57. g4 a2 58. g5 Kb3 59. Kg3 Kc2 60. Rh1 b4 61. Kg4 b3 62. Kh5 b2 63. g6 Rxh6+ 64. Kxh6 a1Q 65. Rxa1 bxa1Q 66. g7 Qf6+ 67. Kh7 Qh4+ 68. Kg6 Qg4+ 69. Kh7 Qh5+ 70. Kg8 Kd3 71. Kf8 Qf5+ 72. Ke7 Qe5+ 73. Kf7 Qf5+ 74. Ke7 Qg6 75. Kf8 Qf6+ 76. Kg8 Ke4 77. Kh7 Qh4+ 78. Kg6 Qg4+ 79. Kh6 Qf4+ 80. Kg6 Qg4+ 81. Kf6 Kd5 82. Kf7 Qe6+ 83. Kf8 Qf6+ 84. Kg8 Ke6 85. Kh7 Qh4+ 86. Kg6 Qg4+ 87. Kh6 Kf7 0-1

[Event "Titled Tuesday intern op 29th Aug Late"]
[Site "Chess.com INT"]
[Date "2023.08.29"]
[Round "5"]
[White "Pakhomova, Ekaterina"]
[Black "Przybylski, Wojciech"]
[Result "0-1"]
[WhiteElo "2030"]
[BlackElo "2308"]
[PlyCount "92"]
[EventDate "2023.08.29"]
[EventType "swiss (blitz)"]
[EventRounds "11"]
[EventCountry "USA"]
[SourceTitle "EXT 2024"]
[Source "ChessBase"]
[SourceDate "2023.10.10"]
[SourceVersion "1"]
[SourceVersionDate "2023.10.10"]
[SourceQuality "1"]

1. e4 c5 2. Nf3 d6 3. Bb5+ Bd7 4. Bxd7+ Qxd7 5. c4 e5 6. Nc3 Ne7 7. a3 g6 8. b4 cxb4 9. axb4 Bg7 10. d3 0-0 11. Be3 Nbc6 12. b5 Nd4 13. Bxd4 exd4 14. Ne2 f5 15. Nexd4 fxe4 16. dxe4 Qg4 17. 0-0 a5 18. bxa6 bxa6 19. Re1 Kh8 20. h3 Qc8 21. Qd3 Nc6 22. Rad1 Ne5 23. Nxe5 dxe5 24. Nf3 a5 25. Qd5 Rd8 26. Qb5 Qc7 27. Rd5 Rdb8 28. Qa4 Rb4 29. Qd1 Rb7 30. c5 h6 31. Qa1 a4 32. Nxe5 Kh7 33. c6 Rb3 34. f4 a3 35. Rd7 Qc8 36. Qd1 a2 37. Qg4 Qe8 38. c7 a1Q 39. Rxa1 Rxa1+ 40. Kh2 Rc1 41. Rd8 Qxe5 42. c8Q Rxc8 43. Rxc8 Qxe4 44. Rc7 Qf5 45. Qh4 Re3 46. Qd8 Qxf4+ 0-1

[Event "Titled Tuesday intern op 08th Aug Early"]
[Site "Chess.com INT"]
[Date "2023.08.08"]
[Round "11"]
[White "Dehtiarov, Roman"]
[Black "Pakhomova, Ekaterina"]
[Result "1-0"]
[WhiteElo "2308"]
[BlackElo "2030"]
[PlyCount "115"]
[EventDate "2023.08.08"]
[EventType "swiss (blitz)"]
[EventRounds "11"]
[EventCountry "USA"]
[SourceTitle "EXT 2024"]
[Source "ChessBase"]
[SourceDate "2023.10.10"]
[SourceVersion "1"]
[SourceVersionDate "2023.10.10"]
[SourceQuality "1"]

1. c4 c6 2. Nf3 d5 3. e3 Nf6 4. Nc3 e6 5. b3 Nbd7 6. Bb2 Bd6 7. Rc1 a6 8. d4 0-0 9. Bd3 e5 10. dxe5 Nxe5 11. cxd5 cxd5 12. Be2 Be6 13. 0-0 Qd7 14. Na4 Nxf3+ 15. Bxf3 Rad8 16. Bxf6 gxf6 17. Nb6 Qe7 18. Nxd5 Bxd5 19. Bxd5 Qe5 20. g3 Ba3 21. Qg4+ Kh8 22. Be4 Bxc1 23. Rxc1 Rd2 24. Bb1 Rfd8 25. Rf1 Qg5 26. Qf3 Kg7 27. h4 Qd5 28. Be4 Qd6 29. Qg4+ Kf8 30. Bf3 Rxa2 31. Qf5 Qe5 32. Qxh7 Ra1 33. Qc2 b5 34. h5 b4 35. h6 Rxf1+ 36. Kxf1 Kg8 37. Qc4 Kh7 38. Qxb4 Kxh6 39. Qh4+ Kg7 40. Qg4+ Kf8 41. Qb4+ Qd6 42. Qa4 Rb8 43. Kg2 Qb6 44. Qa3+ Kg7 45. Bd5 Qb5 46. e4 a5 47. Qa1 Qe2 48. Qd4 Rb4 49. Qa7 Rb5 50. Qxf7+ Kh6 51. Qxf6+ Kh7 52. Qf5+ Kg7 53. Qf7+ Kh6 54. Qe6+ Kh5 55. Bc4 Rb6 56. Qh3+ Kg5 57. Bxe2 Rh6 58. Qf5# 1-0

[Event "Titled Tuesday intern op 08th Aug Late"]
[Site "Chess.com INT"]
[Date "2023.08.08"]
[Round "3"]
[White "Pakhomova, Ekaterina"]
[Black "Aditya, Varun Gampa"]
[Result "1-0"]
[WhiteElo "2030"]
[BlackElo "2299"]
[PlyCount "169"]
[EventDate "2023.08.08"]
[EventType "swiss (blitz)"]
[EventRounds "11"]
[EventCountry "USA"]
[SourceTitle "EXT 2024"]
[Source "ChessBase"]
[SourceDate "2023.10.10"]
[SourceVersion "1"]
[SourceVersionDate "2023.10.10"]
[SourceQuality "1"]

1. e4 c6 2. d4 d5 3. Nc3 dxe4 4. Nxe4 Nf6 5. Nxf6+ exf6 6. c3 Bd6 7. Bd3 0-0 8. Qc2 Re8+ 9. Ne2 h5 10. 0-0 h4 11. h3 Nd7 12. Bd2 Nf8 13. Rae1 Be6 14. c4 Bc7 15. b3 a5 16. a4 Rc8 17. Qc3 Qd6 18. Bf4 Qd7 19. Bxc7 Qxc7 20. Qd2 Re7 21. Qf4 Qb6 22. Bc2 Ng6 23. Qd6 Rd8 24. Qa3 Qb4 25. Qxb4 axb4 26. f4 Rde8 27. Nc1 Bd7 28. Rxe7 Rxe7 29. f5 Nf8 30. Nd3 Re3 31. Nxb4 Re2 32. Rf2 Re1+ 33. Kh2 Nh7 34. Nd3 Re3 35. Nc5 Bc8 36. a5 Ng5 37. Bd3 Kf8 38. Re2 Rg3 39. b4 g6 40. b5 cxb5 41. cxb5 gxf5 42. a6 bxa6 43. bxa6 Rxd3 44. Nxd3 Bxa6 45. Re3 Bxd3 46. Rxd3 Ne4 47. Rf3 Nd6 48. Rf4 Ke7 49. Rxh4 Ke6 50. Kg3 Kd5 51. Kf3 Ne4 52. Kf4 Nd6 53. Rh6 Ke6 54. h4 Ke7 55. h5 Ke6 56. Rh8 Ke7 57. h6 Nb5 58. h7 Nxd4 59. Re8+ Kxe8 60. h8Q+ Ke7 61. Qa8 Ne6+ 62. Kxf5 Ng7+ 63. Ke4 Ne6 64. Qa7+ Kf8 65. Kf5 Kg7 66. Qa1 Nf8 67. Qxf6+ Kg8 68. Qd8 Kg7 69. g4 Ne6 70. Qf6+ Kg8 71. Ke5 Nf8 72. Kd6 Ng6 73. Kd7 Kf8 74. g5 Kg8 75. Ke8 Nh8 76. Qf5 Kg7 77. Qf4 Kg6 78. Qf6+ Kh7 79. Qxf7+ Nxf7 80. Kxf7 Kh8 81. Kg6 Kg8 82. Kh6 Kh8 83. g6 Kg8 84. g7 Kf7 85. Kh7 1-0

[Event "Titled Tuesday intern op 08th Aug Late"]
[Site "Chess.com INT"]
[Date "2023.08.08"]
[Round "5"]
[White "Tulchynskyi, Feliks"]
[Black "Pakhomova, Ekaterina"]
[Result "1-0"]
[WhiteElo "2228"]
[BlackElo "2030"]
[PlyCount "87"]
[EventDate "2023.08.08"]
[EventType "swiss (blitz)"]
[EventRounds "11"]
[EventCountry "USA"]
[SourceTitle "EXT 2024"]
[Source "ChessBase"]
[SourceDate "2023.10.10"]
[SourceVersion "1"]
[SourceVersionDate "2023.10.10"]
[SourceQuality "1"]

1. e4 c5 2. Nc3 Nc6 3. Nge2 g6 4. g3 Bg7 5. Bg2 e5 6. Nd5 Nge7 7. Nxe7 Qxe7 8. 0-0 0-0 9. c3 d6 10. d3 Be6 11. f4 f5 12. Be3 Rae8 13. Qd2 fxe4 14. dxe4 exf4 15. Nxf4 Bc4 16. Rf2 Ne5 17. b3 Bf7 18. h3 b5 19. Rd1 Rd8 20. Nd5 Bxd5 21. Qxd5+ Kh8 22. Rf4 Rxf4 23. gxf4 Nf7 24. c4 bxc4 25. bxc4 Rb8 26. Qd3 Rb2 27. Rb1 Qb7 28. Rxb2 Qxb2 29. Qd5 Qf6 30. Qa8+ Nd8 31. Qxa7 Qa1+ 32. Kh2 Qc3 33. Qb8 Bf6 34. Qxd6 Kg7 35. e5 Bh4 36. Qxc5 Ne6 37. Qa7+ Kh6 38. f5+ g5 39. fxe6 Qe1 40. Bg1 Qxe5+ 41. Kh1 g4 42. Qe3+ Qxe3 43. Bxe3+ Kg6 44. hxg4 1-0

[Event "Titled Tuesday intern op 25th Jul Early"]
[Site "Chess.com INT"]
[Date "2023.07.25"]
[Round "2"]
[White "Nagare, Kaivalya Sandip"]
[Black "Pakhomova, Ekaterina"]
[Result "1-0"]
[WhiteElo "2071"]
[BlackElo "2030"]
[PlyCount "71"]
[EventDate "2023.07.25"]
[EventType "swiss (blitz)"]
[EventRounds "11"]
[EventCountry "USA"]
[SourceTitle "EXT 2024"]
[Source "ChessBase"]
[SourceDate "2023.10.10"]
[SourceVersion "1"]
[SourceVersionDate "2023.10.10"]
[SourceQuality "1"]

1. e4 c5 2. Nf3 Nc6 3. d4 cxd4 4. Nxd4 Nf6 5. Nc3 e6 6. Ndb5 Bc5 7. Nd6+ Ke7 8. Nc4 e5 9. Bg5 Bb4 10. a3 Bxc3+ 11. bxc3 Qc7 12. Ne3 Kf8 13. Bxf6 gxf6 14. Nd5 Qd6 15. Qf3 Rg8 16. Qxf6 Qxf6 17. Nxf6 Rg6 18. Nd5 d6 19. 0-0-0 Be6 20. f3 Rc8 21. g4 a6 22. Nb6 Rd8 23. Bc4 Ne7 24. Rd2 Rf6 25. Rd3 Ng6 26. Rhd1 Ke7 27. Bxe6 fxe6 28. Rxd6 Rxd6 29. Nc8+ Kd7 30. Nxd6 Rxf3 31. Nxb7+ Kc6 32. Nd8+ Kc5 33. Nxe6+ Kc4 34. Rd6 Nh4 35. Rd5 Rf1+ 36. Kb2 1-0

[Event "Titled Tuesday intern op 18th Jul Late"]
[Site "Chess.com INT"]
[Date "2023.07.18"]
[Round "2"]
[White "Pakhomova, Ekaterina"]
[Black "Ansh, M Shah"]
[Result "0-1"]
[WhiteElo "2030"]
[BlackElo "2173"]
[PlyCount "98"]
[EventDate "2023.07.18"]
[EventType "swiss (blitz)"]
[EventRounds "11"]
[EventCountry "USA"]
[SourceTitle "EXT 2024"]
[Source "ChessBase"]
[SourceDate "2023.10.10"]
[SourceVersion "1"]
[SourceVersionDate "2023.10.10"]
[SourceQuality "1"]

1. e4 c6 2. d4 d5 3. Nc3 dxe4 4. Nxe4 Nf6 5. Nxf6+ exf6 6. c3 Bd6 7. Bd3 0-0 8. Qc2 Re8+ 9. Ne2 h5 10. Be3 Nd7 11. 0-0-0 Nf8 12. Rhe1 Be6 13. h3 b5 14. Kb1 a5 15. Nf4 Bxf4 16. Bxf4 Qd5 17. b3 a4 18. b4 Qxg2 19. Be4 Qxh3 20. f3 Bd5 21. Rh1 Bxe4 22. fxe4 Qe6 23. Rde1 g6 24. Qf2 Qc4 25. Qg3 Ne6 26. Bd2 Ng7 27. Rhf1 f5 28. e5 Rad8 29. Bg5 Rd7 30. Bf6 c5 31. bxc5 b4 32. Bxg7 bxc3 33. Bh6 Rb8+ 34. Kc1 Qxa2 35. Qd3 Rdb7 36. Kd1 Rb1+ 37. Bc1 Qb2 38. Qc2 Qb3 39. Rf2 Rxc1+ 40. Kxc1 Qc4 41. e6 Rb2 42. exf7+ Kxf7 43. Qxb2 cxb2+ 44. Kb1 Qd3+ 45. Ka2 Qxd4 46. Rxb2 Qxc5 47. Reb1 Qc4+ 48. Ka1 Qc3 49. Ka2 Kf6 0-1

[Event "Titled Tuesday intern op 11th Jul Late"]
[Site "Chess.com INT"]
[Date "2023.07.11"]
[Round "1"]
[White "Pakhomova, Ekaterina"]
[Black "Korchmar, Vasiliy"]
[Result "0-1"]
[WhiteElo "2030"]
[BlackElo "2438"]
[PlyCount "58"]
[EventDate "2023.07.11"]
[EventType "swiss (blitz)"]
[EventRounds "11"]
[EventCountry "USA"]
[SourceTitle "EXT 2024"]
[Source "ChessBase"]
[SourceDate "2023.10.10"]
[SourceVersion "1"]
[SourceVersionDate "2023.10.10"]
[SourceQuality "1"]

1. e4 c5 2. Nf3 d6 3. d4 cxd4 4. Nxd4 Nf6 5. Nc3 Nc6 6. Bg5 Bd7 7. Qd2 a6 8. 0-0-0 e6 9. f4 Be7 10. Kb1 0-0 11. Nf3 b5 12. Bxf6 Bxf6 13. Qxd6 Bxc3 14. Qxd7 Qb6 15. Qd3 Rfd8 16. Qe2 Bf6 17. e5 Be7 18. g3 Nb4 19. Bg2 Qa5 20. a3 Nd5 21. Nd4 b4 22. Nc6 Qc7 23. Nxd8 bxa3 24. Bxd5 exd5 25. Rxd5 Rb8 26. Rhd1 Rxb2+ 27. Kc1 Qc3 28. Qd3 Rb1+ 29. Kxb1 Qb2# 0-1

[Event "Titled Tuesday intern op 11th Jul Early"]
[Site "Chess.com INT"]
[Date "2023.07.11"]
[Round "5"]
[White "Pakhomova, Ekaterina"]
[Black "Palczert, Matyas"]
[Result "0-1"]
[WhiteElo "2030"]
[BlackElo "2340"]
[PlyCount "100"]
[EventDate "2023.07.11"]
[EventType "swiss (blitz)"]
[EventRounds "11"]
[EventCountry "USA"]
[SourceTitle "EXT 2024"]
[Source "ChessBase"]
[SourceDate "2023.10.10"]
[SourceVersion "1"]
[SourceVersionDate "2023.10.10"]
[SourceQuality "1"]

1. e4 c5 2. Nf3 e6 3. c4 Nc6 4. Nc3 Nd4 5. Nxd4 cxd4 6. Ne2 e5 7. d3 Nf6 8. g3 Be7 9. Bg2 0-0 10. 0-0 Rb8 11. a4 Bb4 12. Bd2 Qa5 13. Bxb4 Qxb4 14. Qc2 d6 15. Nc1 Bd7 16. b3 a6 17. Na2 Qa5 18. Rfb1 b5 19. b4 Qc7 20. axb5 axb5 21. Nc1 Be6 22. Bf1 Rfc8 23. Ra6 bxc4 24. dxc4 Bxc4 25. Qxc4 Qxc4 26. Bxc4 Rxc4 27. b5 Nxe4 28. Nd3 h5 29. b6 Rc3 30. b7 Rxb7 31. Ra8+ Kh7 32. Rxb7 Rxd3 33. Rxf7 Ng5 34. Re7 Kg6 35. Rd8 Kf6 36. Red7 Ne4 37. Rf8+ Ke6 38. Rxg7 Rd1+ 39. Kg2 d3 40. Re8+ Kd5 41. Ra7 d2 42. Ra5+ Nc5 43. Ra2 Rg1+ 44. Kxg1 d1Q+ 45. Kg2 Nd3 46. Rea8 Ne1+ 47. Kg1 Nf3+ 48. Kg2 e4 49. R2a5+ Ke6 50. Kh3 Qf1# 0-1

[Event "Titled Tuesday intern op 04th Jul Early"]
[Site "Chess.com INT"]
[Date "2023.07.04"]
[Round "11"]
[White "Rudzinska, Michalina"]
[Black "Pakhomova, Ekaterina"]
[Result "1-0"]
[WhiteElo "2257"]
[BlackElo "2030"]
[PlyCount "55"]
[EventDate "2023.07.04"]
[EventType "swiss (blitz)"]
[EventRounds "11"]
[EventCountry "USA"]
[SourceTitle "EXT 2024"]
[Source "ChessBase"]
[SourceDate "2023.10.10"]
[SourceVersion "1"]
[SourceVersionDate "2023.10.10"]
[SourceQuality "1"]

1. e4 g6 2. d4 Bg7 3. Nc3 a6 4. Be3 b5 5. f3 Bb7 6. Qd2 d6 7. 0-0-0 Nd7 8. h4 h5 9. Nh3 c5 10. Ng5 Qa5 11. Kb1 Ngf6 12. e5 dxe5 13. dxc5 b4 14. Nce4 0-0 15. Bc4 e6 16. Nxe6 Rfe8 17. Nxg7 Kxg7 18. Bg5 Bxe4 19. fxe4 Qxc5 20. Bb3 a5 21. Rhf1 a4 22. Bxf7 Re7 23. Bxf6+ Nxf6 24. Bxg6 a3 25. Qg5 Ra6 26. Bxh5+ Kh8 27. Rxf6 Rg7 28. Qh6+ 1-0

[Event "Novosibirsk Sibiria-B"]
[Site "Novosibirsk"]
[Date "2007.07.25"]
[Round "7"]
[White "Timofeeva, Ekaterina"]
[Black "Pakhomova, Ekaterina"]
[Result "1-0"]
[WhiteElo "2211"]
[BlackElo "2094"]
[PlyCount "63"]
[EventDate "2007.07.20"]
[EventType "tourn"]
[EventRounds "11"]
[EventCountry "RUS"]
[SourceTitle "CBM 119 Extra"]
[Source "ChessBase"]
[SourceDate "2007.09.04"]
[SourceVersion "1"]
[SourceVersionDate "2007.09.04"]
[SourceQuality "1"]

1. Nf3 Nf6 2. g3 b6 3. Bg2 Bb7 4. c4 c5 5. 0-0 e6 6. Nc3 Be7 7. Re1 d6 8. e4 Nbd7 9. d4 cxd4 10. Nxd4 Qb8 11. f4 Ng8 12. Be3 a6 13. Qd2 Qc7 14. Rac1 Ngf6 15. h3 h5 16. Qe2 Kf8 17. b3 Rc8 18. Bf2 e5 19. Nf5 g6 20. Nxe7 Kxe7 21. Be3 Kf8 22. Qf2 Kg7 23. Rf1 exf4 24. Qxf4 Qd8 25. Qxd6 Rc6 26. Qf4 Re6 27. Bd4 Qe7 28. Nd5 Bxd5 29. cxd5 Re5 30. Rc6 Ne8 31. Bxe5+ Nxe5 32. Rxb6 1-0